<?xml version="1.0" encoding="UTF-8"?>
<collection xmlns="http://www.loc.gov/MARC21/slim">
 <record>
  <leader>02553nam a22003017a 4500</leader>
  <controlfield tag="001">NCT_40492</controlfield>
  <controlfield tag="008">180609b        xxu||||| |||| 00| 0 vie d</controlfield>
  <datafield tag="999" ind1=" " ind2=" ">
   <subfield code="c">1946</subfield>
   <subfield code="d">1946</subfield>
  </datafield>
  <datafield tag="020" ind1=" " ind2=" ">
   <subfield code="c">40000</subfield>
  </datafield>
  <datafield tag="082" ind1="0" ind2="4">
   <subfield code="2">23rd ed.</subfield>
   <subfield code="a">657.42</subfield>
   <subfield code="b">L462</subfield>
  </datafield>
  <datafield tag="100" ind1="1" ind2=" ">
   <subfield code="a">Huỳnh Lợi</subfield>
  </datafield>
  <datafield tag="245" ind1="1" ind2="0">
   <subfield code="a">Bài tập và bài giải kế toán chi phí</subfield>
   <subfield code="c">Huỳnh Lợi</subfield>
  </datafield>
  <datafield tag="260" ind1=" " ind2=" ">
   <subfield code="a">H.</subfield>
   <subfield code="b">Tài Chính</subfield>
   <subfield code="c">2012</subfield>
  </datafield>
  <datafield tag="300" ind1=" " ind2=" ">
   <subfield code="a">366tr.</subfield>
   <subfield code="b">Mô hình</subfield>
   <subfield code="c">24cm</subfield>
  </datafield>
  <datafield tag="500" ind1=" " ind2=" ">
   <subfield code="a">ĐTTS ghi: Trường Đại học Kinh tế Tp.Hồ Chí Minh. Khoa Kế toán - Kiểm toán</subfield>
  </datafield>
  <datafield tag="520" ind1="3" ind2=" ">
   <subfield code="a">Nội dung cuốn sách bao gồm các bài tập trắc nghiệm, bài tập tự luận được biên soạn theo thứ tự của chương trình môn kế toán chi phí hiện đang được giảng dạy tại trường đại học kinh tế TP Hồ Chí Minh và những bài tập trắc nghiệm, tự luận mang tính chất gợi mở, tiếp cận những lý thuyết kế toán chi phí hiện đại.</subfield>
  </datafield>
  <datafield tag="653" ind1=" " ind2=" ">
   <subfield code="a">Kế toán</subfield>
  </datafield>
  <datafield tag="942" ind1=" " ind2=" ">
   <subfield code="2">ddc</subfield>
   <subfield code="c">BK</subfield>
  </datafield>
  <datafield tag="952" ind1=" " ind2=" ">
   <subfield code="0">0</subfield>
   <subfield code="1">0</subfield>
   <subfield code="2">ddc</subfield>
   <subfield code="4">0</subfield>
   <subfield code="6">657_420000000000000_L462</subfield>
   <subfield code="7">0</subfield>
   <subfield code="9">10228</subfield>
   <subfield code="a">000001</subfield>
   <subfield code="b">000001</subfield>
   <subfield code="d">2018-06-09</subfield>
   <subfield code="o">657.42 L462</subfield>
   <subfield code="p">MD.07611</subfield>
   <subfield code="r">2018-06-09</subfield>
   <subfield code="v">40000.00</subfield>
   <subfield code="w">2018-06-09</subfield>
   <subfield code="y">BK</subfield>
  </datafield>
  <datafield tag="952" ind1=" " ind2=" ">
   <subfield code="0">0</subfield>
   <subfield code="1">0</subfield>
   <subfield code="2">ddc</subfield>
   <subfield code="4">0</subfield>
   <subfield code="6">657_420000000000000_L462</subfield>
   <subfield code="7">0</subfield>
   <subfield code="9">10229</subfield>
   <subfield code="a">000001</subfield>
   <subfield code="b">000001</subfield>
   <subfield code="d">2018-06-09</subfield>
   <subfield code="o">657.42 L462</subfield>
   <subfield code="p">MD.07613</subfield>
   <subfield code="r">2018-06-09</subfield>
   <subfield code="v">40000.00</subfield>
   <subfield code="w">2018-06-09</subfield>
   <subfield code="y">BK</subfield>
  </datafield>
  <datafield tag="952" ind1=" " ind2=" ">
   <subfield code="0">0</subfield>
   <subfield code="1">0</subfield>
   <subfield code="2">ddc</subfield>
   <subfield code="4">0</subfield>
   <subfield code="6">657_420000000000000_L462</subfield>
   <subfield code="7">0</subfield>
   <subfield code="9">10230</subfield>
   <subfield code="a">000001</subfield>
   <subfield code="b">000001</subfield>
   <subfield code="d">2018-06-09</subfield>
   <subfield code="o">657.42 L462</subfield>
   <subfield code="p">MD.07614</subfield>
   <subfield code="r">2018-06-09</subfield>
   <subfield code="v">40000.00</subfield>
   <subfield code="w">2018-06-09</subfield>
   <subfield code="y">BK</subfield>
  </datafield>
  <datafield tag="952" ind1=" " ind2=" ">
   <subfield code="0">0</subfield>
   <subfield code="1">0</subfield>
   <subfield code="2">ddc</subfield>
   <subfield code="4">0</subfield>
   <subfield code="6">657_420000000000000_L462</subfield>
   <subfield code="7">0</subfield>
   <subfield code="9">10231</subfield>
   <subfield code="a">000001</subfield>
   <subfield code="b">000001</subfield>
   <subfield code="d">2018-06-09</subfield>
   <subfield code="o">657.42 L462</subfield>
   <subfield code="p">MD.07615</subfield>
   <subfield code="r">2018-06-09</subfield>
   <subfield code="v">40000.00</subfield>
   <subfield code="w">2018-06-09</subfield>
   <subfield code="y">BK</subfield>
  </datafield>
  <datafield tag="952" ind1=" " ind2=" ">
   <subfield code="0">0</subfield>
   <subfield code="1">0</subfield>
   <subfield code="2">ddc</subfield>
   <subfield code="4">0</subfield>
   <subfield code="6">657_420000000000000_L462</subfield>
   <subfield code="7">0</subfield>
   <subfield code="9">10232</subfield>
   <subfield code="a">000001</subfield>
   <subfield code="b">000001</subfield>
   <subfield code="d">2018-06-09</subfield>
   <subfield code="o">657.42 L462</subfield>
   <subfield code="p">MD.07616</subfield>
   <subfield code="r">2018-06-09</subfield>
   <subfield code="v">40000.00</subfield>
   <subfield code="w">2018-06-09</subfield>
   <subfield code="y">BK</subfield>
  </datafield>
  <datafield tag="952" ind1=" " ind2=" ">
   <subfield code="0">0</subfield>
   <subfield code="1">0</subfield>
   <subfield code="2">ddc</subfield>
   <subfield code="4">0</subfield>
   <subfield code="6">657_420000000000000_L462</subfield>
   <subfield code="7">0</subfield>
   <subfield code="9">10233</subfield>
   <subfield code="a">000001</subfield>
   <subfield code="b">000001</subfield>
   <subfield code="d">2018-06-09</subfield>
   <subfield code="o">657.42 L462</subfield>
   <subfield code="p">MD.07617</subfield>
   <subfield code="r">2018-06-09</subfield>
   <subfield code="v">40000.00</subfield>
   <subfield code="w">2018-06-09</subfield>
   <subfield code="y">BK</subfield>
  </datafield>
  <datafield tag="952" ind1=" " ind2=" ">
   <subfield code="0">0</subfield>
   <subfield code="1">0</subfield>
   <subfield code="2">ddc</subfield>
   <subfield code="4">0</subfield>
   <subfield code="6">657_420000000000000_L462</subfield>
   <subfield code="7">0</subfield>
   <subfield code="9">10234</subfield>
   <subfield code="a">000001</subfield>
   <subfield code="b">000001</subfield>
   <subfield code="d">2018-06-09</subfield>
   <subfield code="o">657.42 L462</subfield>
   <subfield code="p">MD.07618</subfield>
   <subfield code="r">2018-06-09</subfield>
   <subfield code="v">40000.00</subfield>
   <subfield code="w">2018-06-09</subfield>
   <subfield code="y">BK</subfield>
  </datafield>
  <datafield tag="952" ind1=" " ind2=" ">
   <subfield code="0">0</subfield>
   <subfield code="1">0</subfield>
   <subfield code="2">ddc</subfield>
   <subfield code="4">0</subfield>
   <subfield code="6">657_420000000000000_L462</subfield>
   <subfield code="7">0</subfield>
   <subfield code="9">10235</subfield>
   <subfield code="a">000001</subfield>
   <subfield code="b">000001</subfield>
   <subfield code="d">2018-06-09</subfield>
   <subfield code="o">657.42 L462</subfield>
   <subfield code="p">MD.07619</subfield>
   <subfield code="r">2018-06-09</subfield>
   <subfield code="v">40000.00</subfield>
   <subfield code="w">2018-06-09</subfield>
   <subfield code="y">BK</subfield>
  </datafield>
  <datafield tag="952" ind1=" " ind2=" ">
   <subfield code="0">0</subfield>
   <subfield code="1">0</subfield>
   <subfield code="2">ddc</subfield>
   <subfield code="4">0</subfield>
   <subfield code="6">657_420000000000000_L462</subfield>
   <subfield code="7">0</subfield>
   <subfield code="9">10236</subfield>
   <subfield code="a">000001</subfield>
   <subfield code="b">000001</subfield>
   <subfield code="d">2018-06-09</subfield>
   <subfield code="o">657.42 L462</subfield>
   <subfield code="p">MD.07620</subfield>
   <subfield code="r">2018-06-09</subfield>
   <subfield code="v">40000.00</subfield>
   <subfield code="w">2018-06-09</subfield>
   <subfield code="y">BK</subfield>
  </datafield>
  <datafield tag="980" ind1=" " ind2=" ">
   <subfield code="a">Thư viện Trường Đại học Nam Cần Thơ</subfield>
  </datafield>
 </record>
</collection>
